<?xml version="1.0" encoding="UTF-8"?><?xml-stylesheet type="text/xsl" href="static/style.xsl"?><OAI-PMH xmlns="http://www.openarchives.org/OAI/2.0/" xmlns:xsi="http://www.w3.org/2001/XMLSchema-instance" xsi:schemaLocation="http://www.openarchives.org/OAI/2.0/ http://www.openarchives.org/OAI/2.0/OAI-PMH.xsd"><responseDate>2026-04-17T01:12:58Z</responseDate><request verb="GetRecord" identifier="oai:www.recercat.cat:10459.1/465958" metadataPrefix="marc">https://recercat.cat/oai/request</request><GetRecord><record><header><identifier>oai:recercat.cat:10459.1/465958</identifier><datestamp>2025-09-15T18:39:48Z</datestamp><setSpec>com_2072_3622</setSpec><setSpec>col_2072_479130</setSpec></header><metadata><record xmlns="http://www.loc.gov/MARC21/slim" xmlns:dcterms="http://purl.org/dc/terms/" xmlns:xsi="http://www.w3.org/2001/XMLSchema-instance" xmlns:doc="http://www.lyncode.com/xoai" xsi:schemaLocation="http://www.loc.gov/MARC21/slim http://www.loc.gov/standards/marcxml/schema/MARC21slim.xsd">
   <leader>00925njm 22002777a 4500</leader>
   <datafield ind2=" " ind1=" " tag="042">
      <subfield code="a">dc</subfield>
   </datafield>
   <datafield ind2=" " ind1=" " tag="720">
      <subfield code="a">Shirin, Haim</subfield>
      <subfield code="e">author</subfield>
   </datafield>
   <datafield ind2=" " ind1=" " tag="720">
      <subfield code="a">Neeland, Ian J.</subfield>
      <subfield code="e">author</subfield>
   </datafield>
   <datafield ind2=" " ind1=" " tag="720">
      <subfield code="a">Ryan, Donna H.</subfield>
      <subfield code="e">author</subfield>
   </datafield>
   <datafield ind2=" " ind1=" " tag="720">
      <subfield code="a">de Luis, Daniel</subfield>
      <subfield code="e">author</subfield>
   </datafield>
   <datafield ind2=" " ind1=" " tag="720">
      <subfield code="a">Lecube Torelló, Albert</subfield>
      <subfield code="e">author</subfield>
   </datafield>
   <datafield ind2=" " ind1=" " tag="720">
      <subfield code="a">Magos, Zoltan</subfield>
      <subfield code="e">author</subfield>
   </datafield>
   <datafield ind2=" " ind1=" " tag="720">
      <subfield code="a">Kenan, Yael</subfield>
      <subfield code="e">author</subfield>
   </datafield>
   <datafield ind2=" " ind1=" " tag="720">
      <subfield code="a">Amir, Ruthie</subfield>
      <subfield code="e">author</subfield>
   </datafield>
   <datafield ind2=" " ind1=" " tag="720">
      <subfield code="a">Cohen, Daniel L.</subfield>
      <subfield code="e">author</subfield>
   </datafield>
   <datafield ind2=" " ind1=" " tag="720">
      <subfield code="a">Johansen, Odd Erik</subfield>
      <subfield code="e">author</subfield>
   </datafield>
   <datafield ind2=" " ind1=" " tag="260">
      <subfield code="c">2023</subfield>
   </datafield>
   <datafield ind2=" " ind1=" " tag="520">
      <subfield code="a">Background: The Epitomee Capsule (EC) is an, oral, self-use, bio-degradable device for weight management,  composed of absorbent polymers that self-expands in the stomach (pH-sensitive) and creates a triangular shape,  space-occupying super-absorbent gel structure. A recent study reported that 42 % of study completers obtained  >5 % weight reduction at 12 weeks. We performed exploratory analyses of this study to evaluate its effect on  cardiovascular risk factors and on self-reported satiety, between-meal snacking and meal-size. 
Methods: This single-center observational study (Israel) enrolled 78 volunteers, with mean age 41 years, BMI 32.5 kg/m2 , systolic/diastolic blood pressure (SBP/DBP) 124/77 mmHg. The EC was given in addition to diet and physical activity counseling. Assessments included anthropometrics, BP, lipids, and three questions (trans lated from Hebrew) scored 1 (not at all) to 5 (very much) for “Do you feel the EC - Q1:helps you to consume less  snacks in between meals? Q2:helps you to eat less in the meal?; Q3:is causing an early sense of satiety?”. Changes  from baseline were assessed using a mixed model and included all patients with at least one measure.  Correlation-analysis between weight-change and PROs used Kendall’s tau. 
Result: Compared to baseline, at 12 weeks, SBP/DBP were reduced (ΔSBP: − 5.5 mmHg, p = 0.0003/ΔDBP: − 1.9  mmHg, p = 0.1341), with a larger effect in people with hypertension at baseline (ΔSBP: − 13.2 mmHg, p &lt; 0.00001/ΔDBP: − 6.1, p = 0.008). Triglyceride-level was also significantly reduced, but not other lipids. Mean  scores to Q1-3 were high throughout, with slight decreases (Q1 at W2 3.9 ± 1.1/W12 3.0 ± 1.6; Q2 at W2 3.7 ±
1.1/W12 3.1 ± 1.6; Q3 at W2 3.8 ± 1.2/W12 2.9 ± 1.6). There was a moderate correlation between PROs and  weight reduction, although significance was not observed for all weeks. 
Conclusions: Exploratory analyses of 12 weeks treatment with EC demonstrated significant reductions in SBP,  DBP, and triglycerides. The weight reduction correlated with satiety, less snacking, and reduced meal size.</subfield>
   </datafield>
   <datafield tag="653" ind2=" " ind1=" ">
      <subfield code="a">Medical device</subfield>
   </datafield>
   <datafield tag="653" ind2=" " ind1=" ">
      <subfield code="a">Weight loss</subfield>
   </datafield>
   <datafield tag="653" ind2=" " ind1=" ">
      <subfield code="a">Observational study</subfield>
   </datafield>
   <datafield tag="653" ind2=" " ind1=" ">
      <subfield code="a">Appetite</subfield>
   </datafield>
   <datafield tag="653" ind2=" " ind1=" ">
      <subfield code="a">Gut-brain axis</subfield>
   </datafield>
   <datafield ind2="0" ind1="0" tag="245">
      <subfield code="a">Effects of an oral biodegradable device used for 12 weeks on weight reduction, cardiovascular risk factors, satiety, snacking, and meal size</subfield>
   </datafield>
</record></metadata></record></GetRecord></OAI-PMH>